Daniel Day-Lewis - Roles by Picture - Statistics

General Stats
  • This quiz has been taken 12 times
  • The average score is 5 of 25
Answer Stats
Picture Answer % Correct
Abraham Lincoln
89%
Bill 'The Butcher' Cutting
67%
Daniel Plainview
56%
Guido Contini
33%
Nathaniel 'Hawkeye' Poe
33%
Reynolds Woodcock
33%
Christy Brown
22%
Gerry Conlon
22%
Alex
11%
Cecil Vyse
11%
Child Vandal
11%
Colin
11%
Danny Flynn
11%
DJ
11%
Fergus O'Connell
11%
Henderson Dores
11%
Jack Slavin
11%
Johnny Burfoot
11%
John Proctor
11%
Kafka
11%
Library Student
11%
Max
11%
Newland Archer
11%
Sailing Master John Fryer
11%
Tomas
11%
No matching quizzes found
Score Distribution
Percent of People with Each Score
Percentile by Number Answered
Your Score History
You have not taken this quiz